La ciudad americana: de la guerra civil a new deal

Guardat en:
Dades bibliogràfiques
Autors principals: Ciucci, Giorgio (Autor), Dal Co, Francesco (Autor), Tafuri, Manfredo (Autor)
Altres autors: Manieri Elia, Mario (autor)
Format: Llibre
Idioma:espanyol
Publicat: Barcelona Gustavo Gili 1975
Col·lecció:Colección ciencia urbanistica
Matèries:
Etiquetes: Afegir etiqueta
Sense etiquetes, Sigues el primer a etiquetar aquest registre!

MARC

LEADER 00000nam a2200000 a 4500
001 UCY4989
003 CL-VaPUC
008 950407e19750000SP |||||||||||||||||spa|d
082 0 4 |a 711.4  |b CIU  |2 21 
100 0 |a Ciucci, Giorgio  |e author  |9 333550 
700 0 |a Dal Co, Francesco  |e author  |9 333551 
700 |a Manieri Elia, Mario  |e autor  |9 463253 
700 0 |a Tafuri, Manfredo  |e author  |9 333553 
245 1 3 |a La ciudad americana: de la guerra civil a new deal 
300 |a 526 p 
942 |c BK 
945 |d 19950407 00:00:00  |a oaravena 
260 |a Barcelona  |b Gustavo Gili  |c 1975 
650 0 |a Ciudades y pueblos  |9 265139 
651 0 |a Estados Unidos  |9 255178 
583 |a last modification  |c 19950407 00:00:00  |k Rodrigo Vera 
490 0 |a Colección ciencia urbanistica 
999 |c 232727  |d 232725 
952 |0 0  |1 0  |4 0  |6 711_400000000000000_CIU_1975  |7 0  |8 P  |9 237575  |a BIBARQ  |b BIBARQ  |d 2019-11-15  |i 307658K  |o 711.4 CIU 1975  |p 307658K  |r 2025-01-20  |w 2019-11-15  |y BK  |k ARQ